| 000 | 02279cam a2200553 i 4500 | ||
|---|---|---|---|
| 001 | xx002423733 | ||
| 003 | NUKAT | ||
| 005 | 20260421132142.0 | ||
| 008 | 120323s2011 pl a c |000 0 pol c | ||
| 020 | _a9788360016220 | ||
| 035 | _a(OCoLC)804670797 | ||
| 035 | _a(NUKAT)xx002423733 | ||
| 040 |
_aSZCZ M/HS _cSZCZ M/HS _dPOZN U/EMs |
||
| 041 | 1 |
_apol _aeng _hpol |
|
| 100 | 1 |
_aRaińska, Kinga. _940369 |
|
| 245 | 1 | 0 |
_aPolacy z Kresów Wschodnich na Warmii i Mazurach : _bwprowadzenie do wystawy = Poles from the Eastern Borderlands in Warmia and Mazury : introduction to the exhibition / _cKinga Raińska ; [tł. na jęz. ang. Jerzy Gozdek]. |
| 246 | 3 | 1 | _aPoles from the Eastern Borderlands in Warmia and Mazury |
| 260 |
_aOlsztyn : _bMuzeum Warmii i Mazur, _c2011. |
||
| 300 |
_a105, [1] s. : _bil. ; _c21 cm. |
||
| 336 |
_aTekst _btxt _2rdacontent |
||
| 337 |
_aBez urządzenia pośredniczącego _bn _2rdamedia |
||
| 338 |
_aWolumin _bnc _2rdacarrier |
||
| 380 | _aKsiążki | ||
| 500 | _aWystawa listopad 2011 r. - wrzesień 2012 r. | ||
| 504 | _aBibliogr. s. 105. | ||
| 546 | _aTekst pol. i równol. przekł. ang. | ||
| 610 | 2 | 7 |
_aMuzeum Warmii i Mazur (Olsztyn) _2DBN _937744 |
| 648 | 7 |
_a1901-2000 _2DBN _934996 |
|
| 648 | 7 |
_a1945-1989 _2DBN _936043 |
|
| 648 | 7 |
_a2001- _2DBN _936393 |
|
| 650 | 7 |
_aFotografia polska _2DBN _935386 |
|
| 650 | 7 |
_aLudność _2DBN _935805 |
|
| 650 | 7 |
_aTargi i wystawy _2DBN _936823 |
|
| 650 | 7 |
_aPolacy _zKresy Wschodnie _xprzesiedlenie _y1945-1970 _vkatalogi wystaw. _2kaba _940372 |
|
| 650 | 7 |
_aRepatriacja _zPolska _zMazury (region) _y1945-1970 _vkatalogi wystaw. _2kaba _940373 |
|
| 650 | 7 |
_aRepatriacja _zPolska _zWarmia (region) _y1945-1970 _vkatalogi wystaw. _2kaba _940374 |
|
| 651 | 7 |
_aKresy wschodnie Rzeczypospolitej _2DBN _936023 |
|
| 651 | 7 |
_aOlsztyn (woj. warmińsko-mazurskie) _2DBN _935996 |
|
| 655 | 7 |
_aKatalog wystawy _2DBN _935707 |
|
| 658 | _aBibliotekarstwo, archiwistyka, muzealnictwo | ||
| 658 | _aHistoria | ||
| 658 | _aKultura i sztuka | ||
| 658 | _aSocjologia i społeczeństwo | ||
| 700 | 1 |
_aGozdek, Jerzy. _eTł. _940370 |
|
| 710 | 2 |
_aMuzeum Warmii i Mazur (Olsztyn). _911735 |
|
| 730 | 0 |
_aKatalog wystawy (Muzeum Warmii i Mazur ; Olsztyn ; 2011) _940371 |
|
| 920 | _a978-83-60016-22-0 | ||
| 942 |
_2ddc _cBK_NM |
||
| 999 |
_c6584 _d6584 |
||